000 00825 a2200217 4500
020 _a3211835342
040 _aDLC
_bDLC
082 0 0 _a623.89/3
100 1 _aHofmann-Wellenhof, B.
245 1 0 _aGlobal Positioning System: theory and practice
_btheory and practice
_cB. Hofmann-Wellenhof, H. Lichtenegger, and J. Collins.
246 1 4 _aGPS
250 _a5th, rev. ed.
260 _aNew York :
_bSpringer-Verlag,
_cc2001.
300 _axxii, 382 p. :
_bill. ;
_c25 cm.
650 0 _aGlobal Positioning System.
700 1 _aLichtenegger, Herbert.
700 1 _aCollins, James,
_d1936-
856 4 2 _3Publisher description
_uhttp://www.loc.gov/catdir/enhancements/fy0816/2001266601-d.html
856 4 2 _3Table of contents only
_uhttp://www.loc.gov/catdir/enhancements/fy0816/2001266601-t.html
942 _cBK
_k629.893 HOF
_2ddc
999 _c8697
_d8697